00445nam a2200157Ia 4500008004100000082001900041100002100060245004200081250000600123260002400129300000800153600002100161630004200182700002100224730004200245151018s9999 xx 000 0 und d bRBASDV46803a4 aBarun kumar Sahu aMake a computers speak your Language b1 bUnicrion bookc2007 a206 aBarun kumar Sahu aMake a computers speak your Language aBarun kumar Sahu aMake a computers speak your Language